[Event "London Classic KO 5th"]
[Site "London"]
[Date "2013.12.14"]
[Round "1.3"]
[White "Caruana, Fabiano"]
[Black "Gelfand, Boris"]
[Result "0-1"]
[WhiteElo "2782"]
[BlackElo "2777"]
[Annotator "CB"]
[PlyCount "62"]
[EventDate "2013.12.14"]
[EventType "k.o. (rapid)"]
[EventRounds "3"]
[EventCountry "ENG"]
[SourceTitle "CBM 158"]
[Source "ChessBase"]
[SourceDate "2014.01.16"]
[SourceVersion "1"]
[SourceVersionDate "2014.01.16"]
[SourceQuality "1"]

1. d4 Nf6 2. c4 e6 3. Nc3 Bb4 4. e3 O-O 5. Nge2 d5 6. a3 Bd6 $5 {This plan is
becoming increasingly popular as of late since 7.c5 hasn't been yielding great
results for White.} 7. Ng3 c6 (7... c5 {is also possible.}) 8. Bd3 dxc4 9. Bxc4
e5 10. O-O Nbd7 11. dxe5 Bxe5 12. Qc2 Nb6 13. Be2 Re8 14. e4 Ng4 15. Bxg4 Bxg4
16. f4 Bd4+ 17. Kh1 Qh4 {Something has obviously gone wrong. Black's bishops
dominate the board and it is White that is completely in the defensive.} 18.
Nce2 $1 {Accurate, this forces one bishop off the board and White equalizes.}
Bxe2 19. Qxe2 Rad8 20. e5 Qe7 21. Be3 Qe6 22. Rae1 Bxe3 23. Qxe3 f5 24. Rd1 g6
25. Ne2 Qc4 26. Nd4 Rd5 27. Nf3 Qc2 28. Rd2 $4 (28. Rxd5 Nxd5 29. Qd4 Rd8 30.
Rd1 {maintains an approximate equality although I would prefer to be Black.})
28... Nc4 $1 {oops. Suddenly White is completely lost.} 29. Rxc2 Nxe3 {
Unfortunately for Caruana both of his rooks are under attack.} 30. Rcc1 Nxf1
31. Rxf1 Red8 {and on top of that Gelfand will force an exchange of rooks,
making the win trivial. Very unfortunate turn of events for the Italian.} 0-1

[Event "Tata Steel-A 76th"]
[Site "Wijk aan Zee"]
[Date "2014.01.13"]
[Round "3"]
[White "Caruana, Fabiano"]
[Black "Karjakin, Sergey"]
[Result "1-0"]
[WhiteElo "2782"]
[BlackElo "2759"]
[Annotator "Marin,M"]
[PlyCount "141"]
[EventDate "2014.01.11"]
[EventType "tourn"]
[EventRounds "11"]
[EventCountry "NED"]
[EventCategory "20"]
[SourceTitle "CBM 159"]
[Source "ChessBase"]
[SourceDate "2014.03.17"]
[SourceVersion "1"]
[SourceVersionDate "2014.03.17"]
[SourceQuality "1"]

1. d4 Nf6 2. c4 e6 3. g3 d5 4. Nf3 Be7 5. Bg2 O-O 6. O-O dxc4 7. Qa4 a6 8. Qxc4
b5 9. Qc2 Bb7 10. Bd2 Bd6 {I have never understood how come this paradoxical
move, moving for the second time with the bishop before completing the
development, became so fashionable and successful at the same time. I admit,
10.Bd2 is not very natural from the classic point of view, but it is a
developing move after all.} 11. a3 {White has tried a wide range of
continuations here. I was surprised to find out how many games with this line
I have annotated over the past years!} (11. Re1 Be4 12. Qc1 Bb7 (12... Nbd7 13.
Ba5 {Volokitin,A (2684)-Onischuk,A (2664) Foros 2008 CBM 125 [Marin,M] (1-0,
31)}) 13. Bg5 (13. a3 Nbd7 14. b4 {Cheparinov,I (2696)-Jakovenko,D (2737)
Elista 2008 CBM 128 [Marin,M] (1/2, 51)}) 13... Nbd7 14. Nbd2 c5 15. Bxf6 gxf6
16. Nb3 {Dominguez Perez,L (2713)-Alekseev,E (2700) Havana 2010 CBM 137 [Stohl,
I] (1-0, 55)}) (11. Bg5 {Paradox for paradox...} Nbd7 12. Nbd2 Rc8 13. Nb3 c5
14. Bxf6 Nxf6 15. Nxc5 Be4 16. Qc3 e5 17. e3 (17. Qe1 {Fridman,D (2655)-Leko,P
(2730) Dortmund 2012 CBM 150 [Marin,M] (1/2, 27)}) 17... Bxc5 18. dxc5 Qd5 {
Kramnik,V (2785)-Carlsen,M (2714) Moscow 2007 CBM 122 [Marin,M] (1/2, 40)}) (
11. Ng5 Bxg2 12. Kxg2 Nbd7 13. e4 {Eljanov,P (2687)-Carlsen,M (2765) Foros
2008 CBM 125 [Marin,M] (0-1, 82). At that time, I found this line to be good
for White.}) 11... Nbd7 12. b4 (12. Ba5 Qb8 13. b4 Qa7 (13... e5 {Ganguly,S 
(2630)-Shyam,S (2484) Kolkata 2012 (1/2, 23)}) 14. Nbd2 Rac8 15. e4 e5 {
Cheparinov,I (2689)-Atalik,S (2603) Burgas 2012 CBM 151 [Atalik,S] (1-0, 44)})
12... Ra7 13. Bc3 $146 {Now that I see it, this looks like the most natural
move. The knight belongs on the route d2-b3, while the bishop inhibits the
freeing ...e6-e5. The fact that at depth 23/56 it does not make the top 8 in
my engine's preference list hardly has anything to do with the merits of the
move; it most likely is the engine's problem!} (13. Nc3 {Carlsen,M (2872)
-Aronian,L (2809) London 2013 CBM 154 [Marin,M] (1/2, 41)}) 13... Be4 14. Qc1 {
The most flexible retreat. Most likely, the queen will return to c2 after Nbd2,
but in the meanwhile the queen stays out of the d7-knight's range (Nb6-a4)
allowing the rook's activation with Ra2 at the same time.} Qa8 15. Nbd2 Bd5 16.
Qc2 Nb6 {Very natural play on both sides. Black seems to be well coordinated,
but his a7-rook lacks mobility and there is no freeing pawn break in view.} 17.
Ne1 {[%cal Ge2e4]} Na4 {Starting with this moment, Karjakin will do his best
to keep up the tension, an issue featured by the game Giri-Aronian, too.} ({
However, this might have been the right moment for giving up tension, with
chances to get a dynamically balanced position.} 17... Bxg2 18. Nxg2 Nfd5 {
Threatening ...Nxc3 followed by ...a5, but also ...Na4 with the same idea.} 19.
Bb2 (19. Nb3 Nc4 {[%cal Ga6a5]} 20. Bd2 e5 $132) 19... a5 $1 (19... Na4 20. Nb3
$14 {stops ...a6-a5.}) 20. e4 {Black loses a piece, but he can get good
compensation.} axb4 $1 21. exd5 bxa3 22. dxe6 (22. Bc1 Nxd5 {with three strong
pawns for the knight.}) 22... axb2 23. Rxa7 Qxa7 24. Qxb2 $13 {The black
kingside will be somewhat weakened, but there is no obvious way of exploting
that.}) 18. Nb3 Be4 ({It is hard to say whether the knight stands better on g2
or e1:} 18... Bxg2 19. Nxg2 Qe4 20. Ra2 Nxc3 21. Qxc3 e5 22. Rd1 {[%csl Gd4]} (
22. Ne3 a5 $1) 22... Raa8 23. Ne3 $14 {Nothing really changes with respect to
the game variation.}) 19. Bxe4 Qxe4 20. Ra2 $1 {White, too, maintains the
tension, but this is absolutely compulsory for him.} ({If} 20. Qxe4 Nxe4 {
he would luckily still have a square for his bishop:} 21. Bd2 {but this would
not prevent Black's counterplay:} a5 22. bxa5 Nxd2 23. Nxd2 Rxa5 $15) 20...
Nxc3 21. Qxc3 e5 ({Nothing is changed by} 21... Raa8 22. Rc2) 22. Nf3 exd4 23.
Nfxd4 Raa8 24. Rc2 Nd5 25. Qf3 Qxf3 26. Nxf3 {White has obtained a dream
position. In a few moves, the queenside will be completely blocked, after
which the kingside majority will advance slowly but surely. It is not easy to
choose an evaluation in the range +/= to +-. White's advantage does not look
so threatening yet, but a technical player will feel very unlucky if he fails
to win such a dominating position.} Rfe8 27. Rd1 Nb6 28. Na5 g6 29. e3 Kg7 30.
Rd3 Rac8 31. Rc6 Rb8 32. Kf1 h5 33. h3 Kf6 34. Nd2 Kg7 35. Ndb3 Re6 36. Kg2 Kf8
37. f4 Ree8 38. Kf3 Red8 39. Rc2 Rd7 40. e4 Ke8 41. e5 {Nothing spectacular
has happened over the last sequence of moves, but in the meanwhile it has
become crystal clear that White has at least a huge advantage.} Be7 42. Rxd7
Kxd7 43. Rd2+ Ke8 44. Nc6 Ra8 45. Nba5 f5 $6 {This makes things easier for
White.} ({If Black did not wish to wait until he is crushed by the white pawns,
} 45... f6 {should have been preferred.}) 46. g4 $1 {Probably underestimated
by Karjakin.} hxg4+ 47. hxg4 fxg4+ 48. Kxg4 Kf7 49. Rh2 Bf8 50. f5 {White
plays on automatic pilot.} ({The engines indicate several "more convincing"
wins, for instance} 50. Rh7+ Bg7 51. Ne7 Rh8 52. Rxh8 Bxh8 53. Nac6 Bg7 54. Kg5
$18 {But in a game between humans, one should not forget that the better may
well turn into the enemy of very good!}) 50... Nd5 ({A curious decision,
although} 50... gxf5+ 51. Kxf5 {is hopeless.}) 51. f6 Nxf6+ $2 {Mathematically,
the best move. But actually the only reasonable possibility at this level was
immediate resignation. The last phase of the game was completely unnecessary.}
52. exf6 Kxf6 53. Rf2+ Ke6 54. Re2+ Kd5 55. Rd2+ Ke4 56. Nb7 Ke3 57. Rd7 Re8
58. Rxc7 Bh6 59. Nc5 Rf8 60. Re7+ Kd2 61. Re6 Rf1 62. Na7 Be3 63. Rxa6 Ke2 64.
Rxg6 Rf4+ 65. Kh3 Rf3+ 66. Rg3 Rf7 67. Nxb5 Bf2 68. Rb3 Rf4 69. Nc3+ Kf1 70.
Rb1+ Be1 71. Rxe1+ 1-0

[Event "Tata Steel-A 76th"]
[Site "Wijk aan Zee"]
[Date "2014.01.17"]
[Round "5"]
[White "Caruana, Fabiano"]
[Black "Van Wely, Loek"]
[Result "1-0"]
[WhiteElo "2782"]
[BlackElo "2672"]
[Annotator "Krasenkow,M"]
[PlyCount "145"]
[EventDate "2014.01.11"]
[EventType "tourn"]
[EventRounds "11"]
[EventCountry "NED"]
[EventCategory "20"]
[SourceTitle "CBM 159"]
[Source "ChessBase"]
[SourceDate "2014.03.17"]
[SourceVersion "1"]
[SourceVersionDate "2014.03.17"]
[SourceQuality "1"]

1. e4 c5 2. Nf3 Nc6 3. d4 cxd4 4. Nxd4 Nf6 5. Nc3 e5 6. Ndb5 d6 7. Bg5 a6 8.
Na3 b5 9. Nd5 Be7 10. Bxf6 Bxf6 11. c4 b4 12. Nc2 O-O 13. g3 Be6 14. h4 $1 {
[%mdl 4]} a5 15. Bh3 Rb8 $6 {A natural but second-rate continuation, after
which White keeps a small but clear plus since his control of the d5-square is
not for compensated by the activity of Black's dark-squared bishop, which
comes out to g5-h6 in other lines.} (15... a4 {is more ambitious.}) 16. Qd3 (
16. b3 Rb7 (16... Bxd5 17. cxd5 Na7 18. Bf1 Qd7 19. Ne3 Bd8 20. Bh3 Qb7 21. Rc1
Bb6 22. Nf5 Bc5 23. Qg4 f6 24. Bf1 Kh8 25. h5 $16 {1-0 (43) Swinkels,R (2451)
-Skripchenko,A (2455) Germany 2009}) (16... Kh8 17. Kf1 {(a typical plan)} Qd7
$1 18. Kg2 Bd8 19. Qd3 Qb7 20. Rad1 Bb6 21. Nxb6 Qxb6 22. Rd2 Rbd8 23. h5 h6
24. Bf5 Qb7 25. Qf3 Qe7 26. Qg4 Nb8 27. Rhd1 Na6 28. Ne1 Nc5 29. Nf3 Bxf5 30.
Qxf5 a4 $11 {1-0 (60) Korneev,O (2606)-Bokros,A (2465) Austria 2007}) 17. Kf1
Bxd5 18. Qxd5 Qb6 19. Qd3 Qc5 20. Rd1 Nd4 21. Kg2 a4 22. Bf5 g6 23. Nxd4 exd4
24. Qf3 Qe5 25. Bh3 axb3 26. axb3 Ra7 $132 {1/2 (30) Lenic,L (2584)-Nedev,T 
(2518) Plovdiv 2008}) 16... a4 (16... Qd7 {is probably premature:} 17. Nxf6+
gxf6 18. Bg2 f5 19. Rd1 (19. O-O-O $5) 19... Rbd8 20. Qe3 f4 $6 21. gxf4 f5 22.
c5 Nd4 23. Nxd4 exd4 {1/2 (39) So,W (2577)-Pascua,H (2174) Manila 2008} 24.
Rxd4 $16) (16... Rb7 17. Rd1 $1) 17. b3 Bxd5 {Opening the c-file is hardly a
good idea since the c8-square is unavailable for Black's rook (and the
c1-square is available for White's). However, it is difficult to find a good
plan.} (17... Be7 18. Rd1 {[%csl Rd6][%cal Rd5e7]} Rb7 $1 {may be relatively
better} 19. Bxe6 $140 fxe6 20. Nxe7+ Qxe7 21. Qxd6 Nd4) 18. cxd5 Na5 (18... Nd4
19. Nxd4 exd4 20. Rc1 {[%cal Gc1c8]}) 19. O-O Qe8 {[%cal Ya5b7]} 20. Ne3 Bd8 {
[%cal Yd8b6]} (20... Nb7 21. Rac1 $5 (21. Nc4 $5) 21... Nc5 22. Rxc5 $5 dxc5
23. Nc4 $44 {[%csl Gc4,Gd5]}) (20... g6 21. Qa6 Nb7 22. Rfc1 $36) 21. Nf5 $1 {
White energetically prevents the consolidation of Black's pieces.} Rb6 (21...
Nb7 22. Qa6 $5) 22. Qe3 {[%cal Yf1c1]} g6 23. Qh6 Bf6 24. Rab1 (24. bxa4 $5
Qxa4 25. Rfc1 $16 {[%cal Gc1c8] The text move, after which one of White's
rooks will be tied to his b3-pawn, is less strong but still enough to keep an
edge.}) 24... axb3 25. axb3 Qd8 26. Rfc1 Re8 27. Ne3 Bg7 28. Qg5 Rb8 (28... Bf6
29. Qg4) 29. Nc4 Nb7 (29... Nxc4 30. Rxc4 {[%cal Yb1a1,Yc4c6]}) 30. Qe3 Bf8 31.
Ra1 Nc5 32. Na5 Ra8 33. Nc6 Qf6 (33... Qb6 {makes no sense as the queen will
be very passive there, and the b4-pawn is doomed anyway (say, after Ra1-b1 and
Rc1-c4).}) 34. Bf1 {To win the b4-pawn, White must first protect his b3-pawn.}
(34. Nxb4 $6 Rxa1 35. Rxa1 Rb8) 34... h5 (34... Qg7 $1 {[%cal Yf7f5] was a
better option. Instead, Black plans to open the g-file; however, it is a less
fortunate idea.}) 35. Bc4 Kh7 36. Qe2 Bh6 37. Rf1 g5 38. hxg5 {However, White
misses his best chance:} (38. Rxa8 $1 Rxa8 39. Qxh5 gxh4 40. f4 $1 $16) 38...
Qxg5 39. Qf3 Kg7 40. Nxb4 Qg4 $6 (40... Qg6 $1 {could have solved Black's
problems as White had no good ways to protect his e4-pawn. If} 41. Na6 Nxe4 42.
Nc7 {then} Nd2 $1 {, and Black is not worse.}) 41. Qxg4+ hxg4 42. Na6 $1 Nxa6 (
{Now after} 42... Nxe4 43. Nc7 $1 {White just wins an exchange; therefore,
Black can't regain the pawn.}) 43. Rxa6 Rxa6 44. Bxa6 {[%mdl 4096]} Rb8 45. Rb1
Bd2 46. Be2 Rb4 47. Bc4 {It is still very difficult for White to convert his
material advantage due to opposite-coloured bishops.} f5 {This pawn sac looks
temporary but Black finally fails to recapture it.} (47... Kg6 $5 48. Ra1 Rb8 {
[%cal Yd2b4,Yb4c5]}) 48. exf5 Kf6 49. Ra1 Rb8 (49... e4 $142 $1 50. Ra6 Ke5 51.
f6 Rb7 52. Ra8 Kxf6 53. Re8 Kf5 54. Ba6 Rb4 $1 {, and it is still unclear how
White can make progress.}) 50. Ra6 Bb4 51. Bd3 Bc5 52. Bc2 e4 $6 {Another
unfortunate move, opening a new way for White's rook (e4-e6).} (52... Rh8 $142
53. Kg2 Rc8) 53. Ra4 e3 54. fxe3 Bxe3+ 55. Kf1 Rc8 56. Bd3 Rg8 57. Re4 Bc5 58.
b4 Ba7 59. Re6+ Kf7 60. Rxd6 {White has won a third pawn and easily converts
his advantage:} Bb8 61. Rg6 Bxg3 62. d6 Rxg6 63. fxg6+ Kf6 64. d7 Bc7 65. b5 g3
66. Kg2 Kg7 67. Bf5 Kf6 68. Kf3 Kg7 69. d8=Q Bxd8 70. Kxg3 Kf6 71. Kf4 Bc7+ 72.
Ke4 Bb6 73. Kd5 1-0

[Event "Tata Steel-A 76th"]
[Site "Wijk aan Zee"]
[Date "2014.01.25"]
[Round "10"]
[White "Caruana, Fabiano"]
[Black "Naiditsch, Arkadij"]
[Result "0-1"]
[WhiteElo "2782"]
[BlackElo "2718"]
[Annotator "Ftacnik,L"]
[PlyCount "78"]
[EventDate "2014.01.11"]
[EventType "tourn"]
[EventRounds "11"]
[EventCountry "NED"]
[EventCategory "20"]
[SourceTitle "CBM 159"]
[Source "ChessBase"]
[SourceDate "2014.03.17"]
[SourceVersion "1"]
[SourceVersionDate "2014.03.17"]
[SourceQuality "1"]

1. Nf3 Nf6 2. g3 d5 3. Bg2 g6 4. c4 dxc4 5. Na3 Bg7 6. Nxc4 c5 7. Nfe5 {
Caruana has decided that the immediate pressure in the centre has the chance
to complicate his opponent's development. Several games played with this line
have featured castling with rather peaceful play.} (7. O-O O-O (7... Nc6 8.
Nce5 Nxe5 9. Nxe5 Qc7 10. Qa4+ Nd7 11. Nc4 O-O 12. d3 a6 13. Bf4 e5 14. Be3 Rb8
15. Rac1 b6 16. b4 Bb7 17. Bxb7 Qxb7 18. Nd6 Qa7 19. bxc5 Nxc5 20. Bxc5 bxc5
21. Rc2 $14 {1-0 (36) Jovic,A (2375)-Peric,S (2325) Vrnjacka Banja 1996}) 8. d3
(8. d4 Na6 9. dxc5 Nxc5 10. Be3 Nce4 11. Qa4 Be6 12. Rac1 Qd5 13. Nd4 Bd7 14.
Qa5 Qxa5 15. Nxa5 b6 16. Nac6 Rfe8 17. Ne5 Rad8 18. Ndc6 Bxc6 19. Nxc6 Rd7 20.
Rfd1 $16 {1-0 (62) Nuri,M (2206)-Asgarizadeh,A (2354) Kocaeli 2013}) (8. b3 Nc6
9. Bb2 Be6 10. Rc1 Rc8 11. d3 Nb4 12. a3 Nc6 13. d4 cxd4 14. Nxd4 Nxd4 15. Qxd4
Qxd4 16. Bxd4 b6 17. e3 Nd7 18. Bxg7 Kxg7 19. Nd2 Nc5 20. b4 Nd3 21. Rxc8 Rxc8
$15 {0-1 (40) Terreaux,G (2251)-Sokolov,A (2567) Martigny 1999}) 8... Nd5 (8...
Be6 9. Qb3 Qc8 10. Ng5 Bd5 11. Bxd5 Nxd5 12. Na5 Nc6 13. Qxd5 Nxa5 14. Bd2 Nc6
15. Qxc5 Bxb2 16. Rab1 Bg7 17. Rfc1 $11 {1-0 (49) Lajthajm,B (2477)-Atalik,E 
(2430) Paracin 2013}) (8... Nbd7 9. Qb3 Ne8 10. Bf4 Nb6 11. Na5 Nd6 12. Rac1
Be6 13. Qa3 Nd5 14. Rxc5 Qb6 15. Bxd6 exd6 16. Rc2 Nb4 17. Rcc1 Bxa2 18. Nd2
Bh6 19. Ndc4 Bxc4 20. Nxc4 $16 {1-0 (36) Pavlovic,M (2471)-Sutter,O (2392)
Biel 2005}) 9. Qc2 (9. a3 Nc6 10. b3 b6 11. Rb1 Bb7 12. e4 Nc7 13. b4 cxb4 14.
axb4 Nb5 15. Rb3 Qd7 16. Qd2 Rfd8 17. Bb2 Bxb2 18. Nxb2 Ncd4 19. Nxd4 Qxd4 $11
{0-1 (41) Adzic,S (2230)-Deegens,V (2290) Korinthos 1998}) 9... b6 10. a3 Bb7
11. Rb1 Nc6 12. Ne3 Rc8 13. Nxd5 Qxd5 14. Be3 Nd4 15. Bxd4 cxd4 16. Qa4 Qc6 17.
Qb4 Qc5 18. Qd2 Qh5 19. Qb4 Qc5 20. Qd2 Qh5 21. Qb4 {1/2 (21) Kuzmicz,K (2397)
-Tazbir,M (2428) Wroclaw 2007}) 7... O-O 8. d3 Nd5 {Naiditsch was not in his
best form in Wijk aan Zee. This might have influenced his decision to avoid
the natural move 8...Nbd7 with the much larger dose of risk involved.} (8...
Nbd7 9. Nxd7 Qxd7 10. Qc2 $5 Ne8 11. Na5 Nd6 12. Qxc5 Qe6 13. Qe3 Rb8 14. Qxa7
Bd7 $13) 9. Qb3 e6 (9... Nb6 10. Bf4 Nxc4 11. Nxc4 Nc6 12. Bxc6 bxc6 13. Be5
Be6 14. Bxg7 Kxg7 $11) 10. O-O Qc7 11. f4 (11. Nf3 Nc6 12. Bd2 b6 13. Rac1 Qd7
$11) 11... Nd7 12. Bd2 b6 {Both players are way too strong to believe that
Black can achieve a good life when he accepts the sacrifice of the pawn for
his splendid g7-bishop. The position would remain balanced, but the level of
risk for the second player would rise significantly.} (12... Nxe5 13. Nxe5 Bxe5
14. fxe5 Qxe5 15. Rf2 Ne3 16. Bf3 Nf5 $11) 13. Nf3 Bb7 14. e4 Nb4 (14... Ne7
15. Bc3 Bxc3 16. bxc3 Ba6 17. Rab1 Rad8 18. Rfd1 Nf6 $11) 15. Bc3 {White
sensibly abstains from accepting the offer of the pawn sacrifice as his
chances for advantage would simply disappear.} (15. Bxb4 cxb4 16. Qxb4 Nc5 17.
Rfd1 Rfd8 18. Bf1 Rac8 19. Rac1 f5 $11) 15... b5 (15... Bxc3 16. Qxc3 b5 17.
Nce5 Nxe5 18. Nxe5 Rfd8 19. a4 bxa4 20. Rxa4 Qb6 21. Ng4 Nxd3 $11) 16. Bxg7
Kxg7 (16... bxc4 $6 17. Qc3 cxd3 18. Bh6 f6 19. Bxf8 Rxf8 20. Ne1 Ba6 21. Rf2
$16) 17. Qc3+ f6 18. Ncd2 Qd6 $6 {The brave queen move in the critical
position indicates that the German chess star was going through difficult
times. Much more natural and desirable would have been to mobilise the rook
for the control of the d-file.} (18... Rad8 $1 19. a3 Nc6 20. Nb3 Qb6 21. Rf2
e5 $11) 19. a3 Nc6 (19... Nxd3 20. e5 b4 21. axb4 cxb4 22. exd6 bxc3 23. bxc3
N3c5 24. Ra5 $14) 20. Nb3 {Caruana might have tried to put his opponent under
pressure with the immediate advance of the e-pawn.} (20. e5 $5 fxe5 21. Nxe5
Nd4 22. Nxd7 Qxd7 23. Bxb7 Qxb7 24. Qxc5 $14) 20... Rac8 (20... b4 21. axb4
cxb4 22. Qc4 Rfc8 23. Bh3 f5 24. Rfc1 $14) 21. Rac1 $6 {The worries about top
players achieving perfection with a negative effect on the number of wins are
simply illusory. Even the great stars from the top 20 are missing chances and
paying a huge price for it. White should have punished the defender for his
dubious queen move to d6 with the radical advance of his e-pawn.} (21. e5 $1
fxe5 22. Nxe5 Nd4 (22... b4 23. axb4 cxb4 24. Nc4+ bxc3 25. Nxd6 cxb2 26. Rab1
Rb8 27. Nxb7 Rxb7 28. Nd4 $16) 23. Nxd7 Bxg2 24. Nxf8 Bxf1 25. Nxd4 Qxd4+ 26.
Qxd4+ cxd4 27. Nxe6+ Kf6 28. Nxd4 Bxd3 29. Rd1 $14) 21... Ne7 22. e5 Qb6 23.
exf6+ Rxf6 24. Kh1 (24. Rf2 c4 25. dxc4 Rxc4 26. Qd2 Rxc1+ 27. Qxc1 Bxf3 28.
Bxf3 e5 $11) 24... Nd5 25. Qd2 c4 {Naiditsch feels that all of his pieces are
well coordinated and he can start active actions in the centre.} 26. dxc4 bxc4
27. Nbd4 Nc5 28. Rc2 {The Italian star feels the heat coming from the black
army, but he is reluctant to to look for lines that may positively equalise
the game.} (28. Rxc4 $2 Ne4 29. Qd3 Rxc4 30. Qxc4 Ne3 $19) (28. Rfd1 Nd3 29.
Rxc4 $1 Rxc4 30. Qxd3 Rc7 31. Qd2 $11) 28... Nd3 29. b3 Nb2 $5 {Black deserves
lot of credit for the creative approach. The knight move to b2 in order to
advance the c-pawn is highly original and certainly not without dangers for
White.} 30. Ne5 (30. bxc4 Nxc4 $17) (30. Rfc1 c3 31. Rxc3 Nxc3 32. Rxc3 Rd8 33.
Qxb2 Bxf3 34. Nxf3 Rd1+ 35. Bf1 Rxf1+ 36. Kg2 Rd1 37. Qe2 Qd8 38. Qe5 $11)
30... c3 31. Qf2 Rd8 32. Re1 $2 {Caruana's feeling for chess fails him
terribly with this unfortunate move. It was much more difficult to decide for
the correct 32.Qg1! The queen would be out of harm's way but at the same time
would be exercising lot of control in the position.} (32. Qg1 $1 Nxf4 (32... g5
33. Bf3 (33. Ng4 Rff8 34. Ne5 Rf6 $11) 33... h6 $11) 33. gxf4 Rxd4 (33... Bxg2+
34. Kxg2 Rxd4 35. Rxc3 Qd8 36. Rff3 $11) 34. Rxc3 Rd2 35. Bf3 Rxf4 36. Qg5 Qb5
37. Rg1 Bxf3+ 38. Rxf3 Rxf3 39. Qe7+ Kg8 40. Qxe6+ Kg7 41. Qe7+ $11) 32... Nxf4
$1 {[%mdl 64] Naiditsch was certainly hoping for the chance to unleash the
potential of his pieces. His tactical prowess in the complicated position
deserves the highest praise.} 33. gxf4 (33. Nxe6+ Nxe6 34. Qxb6 Bxg2+ 35. Kxg2
axb6 36. Rxc3 Rd2+ $19) 33... Rxd4 34. Rxc3 (34. Bxb7 Qxb7+ 35. Qf3 (35. Kg1
Rfxf4 36. Qg3 Nd1 $19) 35... Qxf3+ 36. Nxf3 Rdxf4 37. Ne5 Rf1+ 38. Rxf1 Rxf1+
39. Kg2 Re1 40. Ng4 Nd1 $19) (34. Qe3 Bxg2+ 35. Kxg2 Nd1 36. Qe2 Qxb3 37. Rxd1
Qd5+ $19) 34... Nd1 $1 {The knight on the unusual square b2 is becoming the
hero of the day. White is fighting with so many problems that will not find
the chance to prevent it's decisive transfer to the f2-square.} 35. Rc7+ Kg8 $1
(35... Qxc7 $2 36. Qxd4 $16) 36. Qc2 (36. Qg1 Bxg2+ 37. Kxg2 (37. Qxg2 Qxc7 $19
) 37... Rd2+ 38. Kg3 Nf2 39. Rc8+ Kg7 40. Nf3 Rxf4 41. Nxd2 Rg4+ $19) 36...
Rdxf4 37. Rxb7 (37. Rxd1 Rf1+ 38. Rxf1 Rxf1#) (37. Qxd1 Qxc7 $19) 37... Nf2+
38. Kg1 (38. Qxf2 Qxf2 39. Rg1 Qe2 $19) 38... Nh3+ 39. Kh1 Rf1+ $1 {A charming
mixture of back rank motifs with a pattern known from smothered mate. The
final part of the game is esthetically very pleasing.} (39... Rf1+ $1 40. Rxf1
Rxf1+ 41. Bxf1 Qg1#) 0-1